000 00611nam a22002057a 4500
003 NALT
005 20250113095133.0
008 s2015 eng d
020 _a9789221292555
040 _aNALT
041 _aeng
050 _aHQ 60
_bB87G 2014
100 0 _aBusakorn Suriyasarn
_934104
245 1 0 _aGender identity and sexual orientation in Thailand /
_cBusakorn Suriyasarn.
260 _aBangkok :
_bInternational Labour Organization,
_c2015.
300 _a115 p. :
_bill., tables ;
_c29 cm.
650 0 _aSexual orientation
_934105
_zThailand
850 _aNALT
942 _cRSH
_2lcc
999 _c73525
_d73525
998 _j104
_k นางสาวสายฝน ดีงาม